Statistiken für EU-Länder, die in andere EU-Länder reisen

Klicken Sie hier um das Quiz zu spielen!

Allgemein

  • Dieses Quiz wurde 137 mal gespielt
  • Das Durchschnittsergebnis liegt bei 14 aus 28

Antwortstatistiken

EU-Land, das in......dieses EU-Land reist% Korrekt
BelgienFrankreich
93%
DänemarkDeutschland
85%
DeutschlandÖsterreich
83%
FrankreichSpanien
79%
IrlandVereinigtes Königreich
75%
EstlandFinnland
72%
PortugalSpanien
67%
FinnlandEstland
65%
PolenDeutschland
64%
ÖsterreichItalien
62%
LuxemburgFrankreich
61%
ItalienFrankreich
59%
NiederlandeFrankreich
56%
BulgarienGriechenland
55%
SpanienFrankreich
45%
KroatienSlowenien
44%
ZypenGriechenland
33%
MaltaVereinigtes Königreich
30%
LitauenDeutschland
29%
LettlandDeutschland
29%
SlowenienKroatien
27%
RumänienGriechenland
25%
TschechienSlowakei
23%
SchwedenSpanien
23%
Vereinigtes KönigreichSpanien
23%
GriechenlandFrankreich
22%
SlowakeiÖsterreich
16%
UngarnKroatien
10%

Verteilung der Resultate

Perzentil nach korrekt beantworteten Fragen

Anzahl Personen mit jedem Resultat

Ihre Resultats-Entwicklung

Sie haben dieses Quiz noch nicht gespielt